| 000 | 00929nas a2200301 4500 | ||
|---|---|---|---|
| 001 | BR0201043 | ||
| 003 | BR-BrBNA | ||
| 005 | 20231205102755.0 | ||
| 007 | ta | ||
| 008 | 230509b bl.|||p| |||| 00| 00por d | ||
| 040 |
_aBR-BrBNA _bpor _cBiblioteca Nacional de Agricultura |
||
| 041 | _a(Pt) | ||
| 072 | _aF04; F62 | ||
| 100 | 1 | _aNicoloso, F.T. | |
| 100 | 1 | _aFogaça, M.A. de F. | |
| 100 | 1 | _aZanchetti, F. | |
| 100 | 1 | _aMissio, E. | |
| 245 | 1 | _aNutrição mineral de mudas de grápia (Apuleia leiocarpa)em argissolo vermelho distrófico arênico: (1)efeito da dubação NPK no crescimento | |
| 650 | _aGrapiapunha | ||
| 650 | _aMuda | ||
| 650 | _aNutrição Mineral | ||
| 650 | _aNPK | ||
| 650 | _aAdubação | ||
| 650 | _aCrescimento | ||
| 773 | 0 |
_tCiência Rural (Brazil) _xISSN 0103-8478 _g(Nov-Dec 2001), v. 31(6) p. 991-998 _wBR0201043 |
|
| 909 |
_a202311 _bLúcia _c55 _dLúcia Elande |
||
| 942 |
_2AGRIS _n0 _cANA |
||
| 999 |
_c169271 _d169271 |
||